000 00800nam a2200241Ia 4500
003 OSt
005 20221006164444.0
006 a|||||r|||| 00| 0
007 ta
008 221006b |||||||| |||| 00| 0 hin d
024 _a7,602
037 _cTheseses
040 _aFML
_cFML
_bhin
041 _2hin
_ahin
100 _aSharma Yogita Au.
110 _aDelhi University Delhi. Faculty of Music and Fine Arts. Department of Music
245 0 _a20vi Shatabdi Main Tantri Vadyo Ke Kshetra Main Aaye Parivartan Evam Pravrittiyan (Uttar Bharatiya Shashtriya Sangeet Ke Sandarbh Main)
260 _c2002
300 _a409
_ccm.
700 _aDelhi University Delhi. Faculty of Music and Fine Arts. Department of Music
942 _cDIS
_2CC
999 _c1117325
_d1117325